Statistiques concernant Les différents types d'Horloges

Cliquez ici pour prendre le quiz!

Statistiques générales

  • Ce quiz a été pris 16 fois
  • Le résultat moyen est 5 sur 15

Statistiques - réponses

Réponse% Correct
Sablier
88%
Cadran solaire
75%
Coucou
75%
Montre à gousset
69%
Carillon
38%
Comtoise
38%
Horloge murale
31%
Clepsydre
25%
Oeil de Boeuf
13%
Montre à quartz
6%
Pendule de 400 jours
6%
Pendule Louis XV
6%
Pendule portique
6%
Réveil mécanique
6%
Savonnette
6%

Distribution des résultats

Percentile par nombre de réponses

% des personnes avec chaque résultat

Votre développement - résultats

Vous n’avez pas pris ce quiz